000 00560nam a2200241 a 4500
001 nice12345678
003 IN_TiNIC
005 20260116012053.0
008 050524s1968 lona grp 000 0 eng
020 _a
_c5
082 0 0 _a232
_bNEI1
100 _aNeil, William
245 _aTruth About Jesus.
260 _aLondon
_bHodder & Stoughton
_c1968
300 _a89p
500 _aincludes index and biblioraphy
505 2 _aBibliography
650 _aJesus Christ
700 1 _aNeil, William
902 _bSRS
942 _cBK
999 _c5522
_d5522